| 000 | 00379nam a2200145Ia 4500 | ||
|---|---|---|---|
| 008 | 230917s9999||||xx |||||||||||||| ||und|| | ||
| 040 |
_e73752 _aMAIN |
||
| 041 | _aEnglish | ||
| 082 | _a658.4 G959M | ||
| 100 | _aGupta, N S | ||
| 245 | 0 | _aManagement: Principles, practices and techniques | |
| 260 |
_aNew Delhi _bAtlantic Publishers _c1986 |
||
| 300 | _aiv, 658 p. | ||
| 942 | _cBK | ||
| 999 |
_c57142 _d57142 |
||